Are Online Purchases Affected by Demographic Factors in Czech Republic?

Analýza vzťahu medzi demografickými faktormi a nákupom online pomocou softvéru IBM SPSS. Vplyv veku, vzdelania a ekonomickej aktivity pri nakupovaní online.

Uložené v:
Podrobná bibliografia
Hlavný autor: Bauerová, Radka
Médium: Kapitola
Jazyk:English
Predmet:
Tagy: Pridať tag
Žiadne tagy, Buďte prvý, kto otaguje tento záznam!

MARC

LEADER 00000naa a2200000 4500
001 0242041
005 20241024125725.8
041 0 |a eng 
044 |a CZ 
245 1 0 |a Are Online Purchases Affected by Demographic Factors in Czech Republic?  |c Radka Bauerová 
520 |a Analýza vzťahu medzi demografickými faktormi a nákupom online pomocou softvéru IBM SPSS. Vplyv veku, vzdelania a ekonomickej aktivity pri nakupovaní online. 
610 2 0 |a nákup elektronický 
610 2 0 |a demografia 
610 2 0 |a spotrebitelia 
610 2 0 |a analýza štatistická 
610 2 0 |a Česko 
610 2 0 |a vek 
610 2 0 |a rozhodovanie nákupné 
610 2 0 |a segmentácia trhu 
100 1 |a Bauerová, Radka